MARC details
| 000 -CABECERA |
| campo de control de longitud fija |
01460nam a2200277 a 4500 |
| 001 - NÚMERO DE CONTROL |
| campo de control |
000013616 |
| 005 - FECHA Y HORA DE LA ÚLTIMA TRANSACCIÓN |
| campo de control |
20250314135209.0 |
| 008 - DATOS DE LONGITUD FIJA--INFORMACIÓN GENERAL |
| campo de control de longitud fija |
091126s2000 dr r 001 0 spa d |
| 020 ## - NÚMERO INTERNACIONAL ESTÁNDAR DEL LIBRO |
| Número Internacional Estándar del Libro |
8489539987 |
| 040 ## - FUENTE DE LA CATALOGACIÓN |
| Centro catalogador/agencia de origen |
DO-SdBNP |
| Lengua de catalogación |
spa |
| Centro/agencia transcriptor |
BNPHU |
| 082 ## - NÚMERO DE LA CLASIFICACIÓN DECIMAL DEWEY |
| Número de clasificación |
342 |
| Número de documento/Ítem |
R173d |
| 100 1# - ENTRADA PRINCIPAL--NOMBRE DE PERSONA |
| Nombre de persona |
Ramírez Morillo, Belarminio, |
| Fechas asociadas al nombre |
1964- |
| 9 (RLIN) |
2520 |
| 245 10 - MENCIÓN DE TÍTULO |
| Título |
Derecho político y constitucional / |
| Mención de responsabilidad, etc. |
Belarminio Ramírez Morillo. |
| 260 ## - PUBLICACIÓN, DISTRIBUCIÓN, ETC. |
| Lugar de publicación, distribución, etc. |
Santo Domingo : |
| Nombre del editor, distribuidor, etc. |
De Colores, |
| Fecha de publicación, distribución, etc. |
2000. |
| 300 ## - DESCRIPCIÓN FÍSICA |
| Extensión |
227 p. ; |
| Dimensiones |
24 cm. |
| 500 ## - NOTA GENERAL |
| Nota general |
Incluye datos biográficos del autor en la solapa de la cubierta. |
| 504 ## - NOTA DE BIBLIOGRAFÍA, ETC. |
| Nota de bibliografía, etc. |
Incluye bibliografía y notas al pie de páginas. |
| 504 ## - NOTA DE BIBLIOGRAFÍA, ETC. |
| Nota de bibliografía, etc. |
Bibliografía : p.223-227. |
| 505 0# - NOTA DE CONTENIDO CON FORMATO |
| Título |
¿Que es derecho? -- |
| -- |
Derecho político -- |
| -- |
Derecho constitucional -- |
| -- |
El Estado -- |
| -- |
Las sociedades pre-estatales -- |
| -- |
Elementos constitutivos del Estado -- |
| -- |
El reconocimiento del estado -- |
| -- |
Relaciones entre el Estado y el derecho -- |
| -- |
Las funciones del Estado -- |
| -- |
Formas de Estado y formas de gobierno -- |
| -- |
Partidos políticos, grupos de presión y sociedades civil -- |
| -- |
Teoría de la constitución -- |
| -- |
El poder constituyente -- |
| -- |
La supremacía de la constitución. |
| 590 ## - NOTA LOCAL (RLIN) |
| Nota local |
Inventariado, 2018/BT |
| 650 #0 - PUNTO DE ACCESO ADICIONAL DE MATERIA--TÉRMINO DE MATERIA |
| Término de materia o nombre geográfico como elemento de entrada |
Derecho constitucional |
| 9 (RLIN) |
10314 |
| 650 #0 - PUNTO DE ACCESO ADICIONAL DE MATERIA--TÉRMINO DE MATERIA |
| Término de materia o nombre geográfico como elemento de entrada |
Ciencia política |
| 9 (RLIN) |
5772 |
| 651 #4 - PUNTO DE ACCESO ADICIONAL DE MATERIA--NOMBRE GEOGRÁFICO |
| Nombre geográfico |
República Dominicana |
| Subdivisión general |
Historia Constitucional |
| 9 (RLIN) |
6486 |
| 651 #4 - PUNTO DE ACCESO ADICIONAL DE MATERIA--NOMBRE GEOGRÁFICO |
| Nombre geográfico |
República Dominicana |
| Subdivisión general |
Derecho Constitucional |
| 9 (RLIN) |
9303 |
| 910 ## - DATOS DE OPCIÓN DEL USUARIO (OCLC) |
| Datos de opción del usuario |
Validado. Control de calidad. EMS |